00485nam a2200085Ia 4500008004100000245004100041300024000082650001600322856006100338170517s9999 xx 000 0 und d 4aThe Weight of the Nation: Challenges aObesity is a very serious medical condition, no longer viewed as strictly an issue of cosmetics. It's a contributing factor in the death and disability of too many of our neighbors, friends and family members, and its societal costs... xTechnology. uhttp://topdocumentaryfilms.com/weight-nation-challenges/